Pasaran derivatif dalam sistem kewangan Islam di Malaysia : analisis berdasarkan al-`Urf /
Saved in:
| Main Author: | |
|---|---|
| Format: | Thesis Book |
| Language: | Malay |
| Subjects: | |
| Tags: |
Add Tag
No Tags, Be the first to tag this record!
|
| LEADER | 01514cam a2200361 a 4500 | ||
|---|---|---|---|
| 001 | u773408 | ||
| 003 | SIRSI | ||
| 005 | 200906190838 | ||
| 008 | 090619s2007 my t 000 0 may m | ||
| 040 | |a UMM |d UMA |e rda | ||
| 043 | |a a-my--- | ||
| 090 | |a BP42 |b A1 UM 2007 Ahmsca. | ||
| 094 | |a BP42 |b A1 UM 2007 Ahmsca. | ||
| 100 | 0 | |a Ahmad Sufian Che Abdullah |e author. | |
| 245 | 1 | 0 | |a Pasaran derivatif dalam sistem kewangan Islam di Malaysia : |b analisis berdasarkan al-`Urf / |c Ahmad Sufian Che Abdullah. |
| 264 | 1 | |c 2007. | |
| 264 | 4 | |c 2007. | |
| 300 | |a xix, 226, [19] leaves : |b illustrations ; |c 30 cm. | ||
| 336 | |a text |2 rdacontent | ||
| 337 | |a unmediated |2 rdamedia | ||
| 338 | |a volume |2 rdacarrier | ||
| 500 | |a AIUM. | ||
| 502 | |a Dissertation (M.Syariah) -- Jabatan Syariah dan Pengurusan, Akademi Pengajian Islam, Universiti Malaya, 2008. | ||
| 504 | |a Bibliography: leaves 207-226. | ||
| 650 | 0 | |a Derivative securities |z Malaysia. | |
| 650 | 0 | |a Finance (Islamic law) |z Malaysia. | |
| 650 | 0 | |a 'Urf (Islamic law) | |
| 710 | 2 | |a Universiti Malaya. |b Jabatan Syariah dan Pengurusan. | |
| 900 | |a ZSA-ZA | ||
| 596 | |a 1 12 18 | ||
| 999 | |a BP42 A1 UM 2007 AHMSCA |w LC |c 1 |i A512990053 |l RESERVES |m P18ISLPURI |r Y |s Y |t TESIS |u 8/9/2009 | ||
| 999 | |a BP42 A1 UM 2007 AHMSCA |w LC |c 1 |i A513155623 |d 3/11/2022 |e 3/11/2022 |f 27/10/2009 |g 1 |l STACKS |m P01UTAMA |n 45 |r Y |s Y |t TESIS |u 26/10/2009 | ||
| 999 | |a BP42 A1 UM 2007 AHMSCA |w LC |c 1 |i A513548576 |d 25/5/2016 |e 25/5/2016 |f 13/11/2009 |g 2 |l STACKS |m P12ISLAMKL |n 6 |r Y |s Y |t TESIS |u 12/11/2009 | ||
